5HLuxD.jpg

KING HENRY VIII SENIOR AND PRIMARY SCHOOL LIBRARY OPAC

Cambridge international AS and A level mathematics. (Record no. 3779)

000 -LEADER
fixed length control field 01162cam a22003137i 4500
001 - CONTROL NUMBER
control field 19476791
003 - CONTROL NUMBER IDENTIFIER
control field OSt
005 - DATE AND TIME OF LATEST TRANSACTION
control field 20241026131401.0
008 - FIXED-LENGTH DATA ELEMENTS--GENERAL INFORMATION
fixed length control field 170202s2016 enka 000 0 eng
010 ## - LIBRARY OF CONGRESS CONTROL NUMBER
LC control number 2016440115
020 ## - INTERNATIONAL STANDARD BOOK NUMBER
International Standard Book Number 9781316600382 (pbk.)
040 ## - CATALOGING SOURCE
Original cataloging agency DLC
Language of cataloging eng
Transcribing agency DLC
Description conventions rda
Modifying agency DLC
-- KH8
050 00 - LIBRARY OF CONGRESS CALL NUMBER
Classification number MLCM 2023/42906 (Q)
082 ## - DEWEY DECIMAL CLASSIFICATION NUMBER
Classification number 510 DOB
100 1# - MAIN ENTRY--PERSONAL NAME
Personal name Dobbs, Steve,
Relator term author.
245 10 - TITLE STATEMENT
Title Cambridge international AS and A level mathematics.
Name of part/section of a work Statistics 1.
-- Coursebook /
Statement of responsibility, etc. Steve Dobbs, Jane Miller and Julian Gilbey.
250 ## - EDITION STATEMENT
Edition statement Revised edition.
264 #1 - PRODUCTION, PUBLICATION, DISTRIBUTION, MANUFACTURE, AND COPYRIGHT NOTICE
Place of production, publication, distribution, manufacture Cambridge, United Kingdom :
Name of producer, publisher, distributor, manufacturer Cambridge University Press,
Date of production, publication, distribution, manufacture, or copyright notice 2016.
300 ## - PHYSICAL DESCRIPTION
Extent vii, 201 pages :
Other physical details illustrations (some color) ;
Dimensions 28 cm.
336 ## - CONTENT TYPE
Content type term text
Source rdacontent
337 ## - MEDIA TYPE
Media type term unmediated
Source rdamedia
338 ## - CARRIER TYPE
Carrier type term volume
Source rdacarrier
650 #0 - SUBJECT ADDED ENTRY--TOPICAL TERM
Topical term or geographic name entry element Statistics.
700 1# - ADDED ENTRY--PERSONAL NAME
Personal name Miller, J. C.
Fuller form of name (Jane Charlotte),
Relator term author.
700 1# - ADDED ENTRY--PERSONAL NAME
Personal name Gilbey, Julian,
Relator term author.
906 ## - LOCAL DATA ELEMENT F, LDF (RLIN)
a 7
b cbc
c origres
d 4
e ncip
f 20
g y-gencatlg
942 ## - ADDED ENTRY ELEMENTS (KOHA)
Source of classification or shelving scheme
Koha item type Teaching Resources
Holdings
Withdrawn status Lost status Source of classification or shelving scheme Damaged status Not for loan Collection code Permanent Location Current Location Shelving location Date acquired Full call number Barcode Date last seen Copy number Price effective from Koha item type
          Teaching Resources KH8 Senior School Library KH8 Senior School Library Staff Office 2024-10-26 510 DOB TRKHSL005900 2024-10-26 1 2024-10-26 Teaching Resources
          Teaching Resources KH8 Senior School Library KH8 Senior School Library Staff Office 2024-10-26 510 DOB TRKHSL005901 2024-10-26 2 2024-10-26 Teaching Resources
          Teaching Resources KH8 Senior School Library KH8 Senior School Library Staff Office 2024-10-26 510 DOB TRKHSL005902 2024-10-26 3 2024-10-26 Teaching Resources
          Teaching Resources KH8 Senior School Library KH8 Senior School Library Staff Office 2024-10-26 510 DOB TRKHSL005903 2024-10-26 4 2024-10-26 Teaching Resources
          Teaching Resources KH8 Senior School Library KH8 Senior School Library Staff Office 2024-10-26 510 DOB TRKHSL005904 2024-10-26 5 2024-10-26 Teaching Resources
          Teaching Resources KH8 Senior School Library KH8 Senior School Library Staff Office 2024-10-26 510 DOB TRKHSL005905 2024-10-26 6 2024-10-26 Teaching Resources

Powered By KH8 IT Dept